000 01091cam a22003257a 4500
003 CHAP
005 20220817041152.0
008 971013s1993 r 00010 d
010 _a7858
011 _a8830
035 _a8062
040 _cCHAP
090 _aFolleto 14084
110 2 _aInstituto Interamericano de Cooperación para la Agricultura
245 1 0 _aRequerimientos técnicos para la investigación y desarrollo en agrobiotecnología
260 _aSan José, C. R. :
_bInstituto Interamericano de Cooperación para la Agricultura,
_c1993.
300 _a59 p
410 2 1 _aIICA
490 0 _aPublicaciones misceláneas
_v; 1
590 _aBATCH-UPD
_b10
_c20130110
_lUCH01
_h1553
590 _aBATCH-UPD
_b10
_c20130410
_lUCH01
_h0951
590 _aBATCH-UPD
_b10
_c20130914
_lUCH01
_h0640
590 _aCONVERSION
_b10
_c20130109
_lUCH01
_h1305
650 1 4 _aBiotecnología
_xInvestigación.
_912882
810 0 0 _aIICA
_957371
830 0 _aPublicaciones misceláneas
_v; 1
901 _aBK
942 _cFOLL
949 _aFolleto 14084
_bBC
_cFOLL
_d-18170
_eTS1
_gI. c/e
_i8062
_si
999 _c7858
_d7858